000 00349nam a2200133Ia 4500
005 20260326100029.0
008 260326s9999||||xx |||||||||||||| ||und||
100 _aGutiérrez, Ramón
245 0 _aBuenos Aires :
_b Evolución Histórica /
_cRamón Gutiérrez
260 _bEscala
300 _a301 p.
650 _aARQUITECTURA COLONIAL
942 _cBK
999 _c6521
_d6521